AFI's Greatest Movies - Statistics

General Stats
  • This quiz has been taken 101 times
  • The average score is 70 of 100
Answer Stats
Picture Answer % Correct
The Godfather
100%
Jaws
97%
The Wizard of Oz
97%
E.T. the Extra-Terrestrial
96%
Raging Bull
96%
The Godfather Part II
96%
One Flew Over the Cuckoo's Nest
95%
Rocky
95%
Saving Private Ryan
95%
Singin' in the Rain
95%
The Shawshank Redemption
93%
Casablanca
92%
Forrest Gump
92%
Gone with the Wind
92%
Lawrence of Arabia
92%
Raiders of the Lost Ark
92%
Star Wars: Episode IV – A New Hope
92%
The Silence of the Lambs
92%
Titanic
92%
Goodfellas
91%
Pulp Fiction
91%
Taxi Driver
91%
The Lord of the Rings: The Fellowship of the Ring
91%
Toy Story
91%
2001: A Space Odyssey
89%
The Sound of Music
89%
A Clockwork Orange
88%
King Kong
88%
Psycho
88%
Schindler's List
88%
It's a Wonderful Life
86%
Vertigo
85%
Snow White and the Seven Dwarfs
84%
The Graduate
82%
To Kill a Mockingbird
82%
The Sixth Sense
81%
Apocalypse Now
80%
Bonnie and Clyde
80%
The Deer Hunter
80%
Chinatown
78%
Annie Hall
77%
Rear Window
77%
Some Like it Hot
77%
Blade Runner
76%
Citizen Kane
76%
Platoon
74%
Cabaret
73%
Dr. Strangelove or: How I Learned to Stop Worrying and Love the Bomb
73%
North by Northwest
73%
Spartacus
72%
A Streetcar Named Desire
70%
12 Angry Men
69%
Ben-Hur
69%
Butch Cassidy and the Sundance Kid
69%
Sunset Boulevard
69%
M*A*S*H
68%
Modern Times
68%
On the Waterfront
68%
The Grapes of Wrath
68%
Tootsie
68%
Easy Rider
66%
Midnight Cowboy
66%
The Bridge on the River Kwai
66%
City Lights
65%
Unforgiven
65%
Do the Right Thing
64%
All the President's Men
62%
Duck Soup
62%
West Side Story
62%
The Apartment
59%
American Graffiti
58%
High Noon
58%
The French Connection
58%
The Maltese Falcon
58%
The Searchers
57%
Network
55%
Sophie's Choice
55%
The General
53%
All About Eve
51%
It Happened One Night
51%
Mr. Smith Goes to Washington
51%
The African Queen
51%
In the Heat of the Night
50%
The Treasure of the Sierra Madre
49%
Double Indemnity
47%
The Philadelphia Story
47%
The Gold Rush
46%
The Wild Bunch
46%
Nashville
45%
Bringing Up Baby
41%
Shane
38%
Who's Afraid of Virginia Woolf?
38%
A Night at the Opera
36%
The Best Years of Our Lives
36%
Yankee Doodle Dandy
36%
The Last Picture Show
35%
Intolerance
31%
Sunrise: A Song of Two Humans
30%
Sullivan's Travels
18%
Swing Time
15%
No matching quizzes found
Score Distribution
Percent of People with Each Score
Percentile by Number Answered
Your Score History
You have not taken this quiz